[Event "Gelfand-Svidler Rapid 2014"]
[Site "Jerusalem ISR"]
[Date "2014.07.20"]
[Round "1"]
[White "Gelfand,B"]
[Black "Svidler,P"]
[Result "1/2-1/2"]
[WhiteElo "2753"]
[BlackElo "2751"]
[EventDate "2014.07.20"]

1. d4 d6 2. Nf3 g6 3. c4 f5 4. g3 Bg7 5. Bg2 Nf6 6. O-O O-O 7. Nc3 Qe8 8. Re1
Qf7 9. e4 fxe4 10. Ng5 Qxc4 11. Ngxe4 Nxe4 12. Rxe4 Qf7 13. Rf4 Bf6 14. Nd5 g5
15. Rf3 c6 16. Nc7 Bg4 17. Nxa8 Na6 18. d5 c5 19. Rxf6 Qxf6 20. Qd2 h6 21. f4
gxf4 22. Qxf4 Qxf4 23. Bxf4 Rxa8 24. Re1 Re8 25. Bxd6 Kf7 26. Bf4 h5 27. d6 Nb4
28. Rf1 Ke6 29. Bxb7 Nd3 30. Bc6 Rg8 31. dxe7 Kxe7 32. Be3 h4 33. Be4 c4 34.
Bxa7 hxg3 35. hxg3 Be2 36. Rf5 Rxg3+ 37. Kh2 Rg4 38. Bd5 Rh4+ 39. Kg3 Rg4+ 40.
Kh2 Rh4+ 1/2-1/2

[Event "Gelfand-Svidler Rapid 2014"]
[Site "Jerusalem ISR"]
[Date "2014.07.20"]
[Round "2"]
[White "Svidler,P"]
[Black "Gelfand,B"]
[Result "1/2-1/2"]
[WhiteElo "2751"]
[BlackElo "2753"]
[EventDate "2014.07.20"]

1. c4 g6 2. e4 e5 3. d4 Nf6 4. Nf3 exd4 5. e5 Ne4 6. Qxd4 Bb4+ 7. Nbd2 Nxd2 8.
Bxd2 Nc6 9. Qf4 Bxd2+ 10. Qxd2 Qe7 11. O-O-O b6 12. Qc3 Qb4 13. Qxb4 Nxb4 14. a3
Nc6 15. c5 Bb7 16. Bc4 Nd8 17. Bb5 Bc6 18. Bxc6 dxc6 19. Ng5 Ne6 20. Nxe6 fxe6
21. Rd2 Rd8 22. Rhd1 Rd5 23. cxb6 axb6 24. f4 Ke7 25. a4 Rf8 26. g3 Ra8 27. b3
b5 28. axb5 Rxd2 29. Rxd2 cxb5 30. Rc2 Kd7 31. Kb2 h5 32. Rc5 c6 33. Rc2 Kc7 34.
Rd2 c5 35. Rd6 Re8 36. Kc3 Re7 37. Ra6 Kb7 38. Rd6 Kc7 39. Ra6 Kb7 1/2-1/2

[Event "Gelfand-Svidler Rapid 2014"]
[Site "Jerusalem ISR"]
[Date "2014.07.21"]
[Round "3"]
[White "Gelfand,B"]
[Black "Svidler,P"]
[Result "0-1"]
[WhiteElo "2753"]
[BlackElo "2751"]
[EventDate "2014.07.20"]

1. d4 Nf6 2. c4 g6 3. g3 Bg7 4. Bg2 c5 5. Nf3 Qa5+ 6. Nc3 Ne4 7. Qd3 cxd4 8.
Nxd4 Nc5 9. Qd1 Nc6 10. e3 Ne6 11. O-O O-O 12. Nxe6 dxe6 13. Bd2 Rd8 14. Qe2 Qb6
15. Rab1 Bd7 16. b4 Rac8 17. c5 Qc7 18. Rfd1 Be8 19. Be1 Rxd1 20. Qxd1 Ne5 21.
Qe2 Bc6 22. Rd1 Bxg2 23. Kxg2 b6 24. cxb6 axb6 25. a4 h5 26. e4 Qb7 27. a5 bxa5
28. bxa5 Nc4 29. Rb1 Qa8 30. Na4 Bd4 31. Nb6 Nxb6 32. axb6 Rb8 33. f3 Rxb6 34.
Rxb6 Bxb6 35. Bf2 Bxf2 36. Qxf2 e5 37. Qc5 Qa2+ 38. Kg1 Qa1+ 39. Kg2 Qb2+ 40.
Kh3 Qe2 41. Qxe5 Qf1+ 42. Kh4 Qxf3 43. Qf4 Qxf4+ 44. gxf4 Kg7 45. e5 Kh6 46. Kg3
g5 47. f5 e6 48. fxe6 fxe6 49. Kf3 g4+ 0-1

[Event "Gelfand-Svidler Rapid 2014"]
[Site "Jerusalem ISR"]
[Date "2014.07.21"]
[Round "4"]
[White "Svidler,P"]
[Black "Gelfand,B"]
[Result "1/2-1/2"]
[WhiteElo "2751"]
[BlackElo "2753"]
[EventDate "2014.07.20"]

1. c4 g6 2. d4 Nf6 3. Nf3 Bg7 4. e3 O-O 5. Be2 c5 6. d5 d6 7. Nc3 e6 8. O-O Re8
9. Nd2 Na6 10. dxe6 Bxe6 11. e4 Nb4 12. Nb3 Nc6 13. Bf4 Nd4 14. Nxd4 cxd4 15.
Nb5 Nxe4 16. Bd3 Bd7 17. Nxd6 Nxd6 18. Bxd6 Bc6 19. Bf4 Qf6 20. Qd2 Be4 21. Bg3
Qc6 22. Bxe4 Rxe4 23. f3 Re6 24. Rac1 Rae8 25. Rfe1 Rxe1+ 26. Bxe1 d3 27. Qxd3
Bxb2 28. Rb1 Bf6 29. Bf2 b6 30. h3 Rd8 31. Qa3 Qxc4 32. Qxa7 Qc2 33. Qxb6 Qxa2 1/2-1/2

[Event "Gelfand-Svidler Rapid 2014"]
[Site "Jerusalem ISR"]
[Date "2014.07.23"]
[Round "6"]
[White "Gelfand,B"]
[Black "Svidler,P"]
[Result "0-1"]
[WhiteElo "2753"]
[BlackElo "2751"]
[EventDate "2014.07.20"]

1. d4 Nf6 2. c4 g6 3. g3 Bg7 4. Nf3 O-O 5. Bg2 d6 6. O-O Nbd7 7. Nc3 e5 8. e4
exd4 9. Nxd4 Re8 10. h3 Nc5 11. Re1 Bd7 12. Rb1 Qc8 13. g4 h5 14. f3 a6 15. Bg5
b5 16. cxb5 axb5 17. Ndxb5 Bxb5 18. Nxb5 Rxa2 19. Nc3 Ra8 20. Be3 hxg4 21. hxg4
Nfd7 22. g5 Rb8 23. Qc2 Ne5 24. Nd5 Ncd3 25. Rf1 Nb4 26. Nxb4 Rxb4 27. b3 c5 28.
Bd2 Rb6 29. b4 cxb4 30. Qxc8 Rxc8 31. Rxb4 Ra6 32. Rb3 Rc2 33. Bf4 Raa2 34. Bh3
Nc6 35. Rd3 Bd4+ 36. Kh1 Be5 37. Bxe5 Nxe5 0-1

[Event "Gelfand-Svidler Rapid 2014"]
[Site "Jerusalem ISR"]
[Date "2014.07.24"]
[Round "7"]
[White "Svidler,P"]
[Black "Gelfand,B"]
[Result "1-0"]
[WhiteElo "2751"]
[BlackElo "2753"]
[EventDate "2014.07.20"]

1. c4 g6 2. d4 Nf6 3. Nc3 d5 4. Nf3 Bg7 5. Qa4+ Bd7 6. Qb3 dxc4 7. Qxc4 O-O 8.
Bf4 Bc6 9. e3 Bxf3 10. gxf3 c6 11. Be2 Nbd7 12. Bg3 e6 13. O-O Qe7 14. Qb3 Nb6
15. Ne4 Nxe4 16. fxe4 f5 17. a4 fxe4 18. a5 Nd5 19. a6 b6 20. Qc2 c5 21. dxc5
bxc5 22. Bc4 Nb6 23. Qxe4 Nxc4 24. Qxc4 Rf5 25. Ra5 Raf8 26. Rb5 Be5 27. Rb7 Qd6
28. Qe2 Bxg3 29. hxg3 R5f7 30. Rd1 Qc6 31. Rxf7 Rxf7 32. Qc4 Qf3 33. Rd2 Qf5 34.
e4 Qg5 35. Rd6 Qf6 36. Qxc5 Qxb2 37. Rxe6 Qb1+ 38. Kg2 Qb3 39. Re8+ Kg7 40. Re7
Qf3+ 41. Kg1 Kh6 42. Rxf7 Qxf7 43. e5 Qd7 44. Qd6 Qb5 45. e6 Qb1+ 46. Kh2 Qf5
47. Qd2+ Kg7 48. Qd4+ Kf8 49. e7+ Kxe7 50. Qxa7+ Kd6 51. Qb6+ Kd7 52. Qb7+ Kd6
53. Kg2 1-0

[Event "Gelfand-Svidler Rapid 2014"]
[Site "Jerusalem ISR"]
[Date "2014.07.24"]
[Round "8"]
[White "Gelfand, Boris"]
[Black "Svidler, Peter"]
[Result "1/2-1/2"]
[WhiteElo "2725"]
[BlackElo "2793"]
[EventDate "2014.07.20"]

1. d4 Nf6 2. Nf3 g6 3. Bg5 Bg7 4. Nbd2 c5 5. c3 cxd4 6. cxd4 d5 7. e3 O-O
8. Bd3 Nc6 9. Rc1 h6 10. Bh4 Qb6 11. Qb3 Qxb3 12. Nxb3 g5 13. Bg3 Nb4 14.
Bb1 Ne4 15. a3 Nc6 16. Bd3 Bf5 17. Ke2 Rfc8 18. Nc5 b6 19. Nb3 a5 20. Bb5
Bd7 21. a4 Kf8 22. Nfd2 Nxg3+ 23. hxg3 e6 24. f4 g4 25. Rc3 Ke7 26. Rhc1
Na7 27. Bxd7 Kxd7 28. Rxc8 Rxc8 29. Rxc8 1/2-1/2